The uprising of Phulaguri / (Record no. 7533)

MARC details
000 -LEADER
fixed length control field 00554 a2200181 4500
010 ## - LCCN (DPL NO)
LC control number ENG-88060
020 ## - INTERNATIONAL STANDARD BOOK NUMBER
Terms of availability 35.00
035 ## - SYSTEM CONTROL NUMBER
System control number EN-71593
037 ## - SOURCE OF ACQUISITION
Source of stock number/acquisition DBAD / PUB
082 14 - DEWEY DECIMAL CLASSIFICATION NUMBER
Classification number 954.51
100 1# - MAIN ENTRY--PERSONAL NAME
Personal name Kalita, Shree Benudhar
245 1# - TITLE STATEMENT
Title The uprising of Phulaguri /
Statement of responsibility, etc by Shree Benudhar Kalita; translated by Nityananda Pattanayak
260 ## - PUBLICATION, DISTRIBUTION, ETC. (IMPRINT)
Place of publication, distribution, etc Assam
Name of publisher, distributor, etc Krantikal Prakashan
Date of publication, distribution, etc 2006
270 ## - ADDRESS
Address M.G. Road, Nagaon
City Assam
300 ## - PHYSICAL DESCRIPTION
Extent viii, 86 p.
Dimensions 21 cm (Hb)
700 ## - ADDED ENTRY--PERSONAL NAME
Personal name Pattanayak, Nityananda
942 ## - ADDED ENTRY ELEMENTS (KOHA)
Institution code [OBSOLETE] dpl
Item type English Books
Source of classification or shelving scheme Dewey Decimal Classification
Classification part 954.51
Call number suffix KAL
Holdings
Withdrawn status Lost status Not for loan Collection code Home library Current library Source of acquisition Cost, normal purchase price Full call number Barcode Copy number Cost, replacement price Koha item type
    Not For Loan Non-fiction D.B.Act.Division D.B.Act.Division DBAD/PUB 35.00 954.51 KAL EN-71593 1 35.00 English Books

© Delhi Public Library
Hit Counter
free hit counter